Power statistics 1967-68 (Record no. 498478)

000 -LEADER
fixed length control field 00343cam a22001097a 4500
008 - FIXED-LENGTH DATA ELEMENTS--GENERAL INFORMATION
fixed length control field 180718b1968 xxu||||| |||| 00| 0 eng d
082 ## - DEWEY DECIMAL CLASSIFICATION NUMBER
Classification number V531065x5432 H266
245 ## - TITLE STATEMENT
Title Power statistics 1967-68
Statement of responsibility, etc. by State Electricity Board, Haryana
260 ## - PUBLICATION, DISTRIBUTION, ETC.
Place of publication, distribution, etc. Chandigrah
Name of publisher, distributor, etc. Government Press
Date of publication, distribution, etc. 1968
300 ## - PHYSICAL DESCRIPTION
Extent 141+p.
700 ## - ADDED ENTRY--PERSONAL NAME
Personal name Haryana.State Electricity Board
Holdings
Withdrawn status Lost status Damaged status Not for loan Permanent Location Current Location Date acquired Full call number Barcode Date last seen Price effective from Koha item type
        Indian Institute of Public Administration Indian Institute of Public Administration 2018-08-04 V531065x5432 H266 GG9989 2018-08-04 2018-08-04 GG

Powered by Koha